La Culture Générale en 10 questions #3 - Statistiques

Statistiques générales
  • Ce quiz a été pris 227 fois
  • Le résultat moyen est 8 sur 10
Statistiques - réponses
Hint Réponse % Correct
Combien y a-t-il de minutes dans une heure ? 60
100%
Quelle est la capitale de l’Allemagne ? Berlin
100%
Dans quel sport utilise-t-on une raquette et un volant ? Badminton
98%
Quel est l’élément chimique représenté par le symbole "O" ? Oxygène
92%
En quelle année l’euro est-il devenu la monnaie officielle dans plusieurs pays européens ? 2002
90%
Qui a écrit la pièce "Roméo et Juliette" ? Shakespeare
85%
Quel est le nom du plus long fleuve d’Amérique du Sud ? Amazone
75%
Quelle unité est utilisée pour mesurer la fréquence d’un son ? Hertz
68%
Quel philosophe grec est célèbre pour sa méthode de questionnement et a été le maître de Platon ? Socrate
62%
Quel est le nom de la couche de l’atmosphère où se trouve la couche d’ozone ? Stratosphère
42%
Aucun quiz correspondant
Distribution des résultats
% des personnes avec chaque résultat
Percentile par nombre de réponses
Votre historique - résultats
Vous n’avez pas pris ce quiz